000 00754nam a2200265Ia 4500
003 OSt
005 20220926011248.0
006 a|||||r|||| 00| 0
007 ta
008 220923b |||||||| |||| 00| 0 eng d
020 _c3929.14
037 _b6631, 10/03/2000, S.B.D.
_cGeneral Book
040 _aRTL
_cRTL
_beng
041 _2eng
_aeng
082 _aX:(B), N0;P0/TD3
100 _aGREENE W.H.
_9313822
245 0 _aEconometric analysis
250 _a4
260 _aNew Jersey
_bPrentice-Hall
_c2000
300 _axxv, 1004p.
_ccm.
500 _aBibliography: P 963-88
650 _aEconometrics
942 _hX:(B), N0;P0/TD3
_cGB
_2CC
999 _c619514
_d619514